00928nam a22002537a 450000500170000001000130001702000100003003500130004003700160005304000120006908200160008110000360009724501160013326000510024927000380030030000200033865000350035865000500039370000340044370000300047794200250050799900190053295201230055120170124105948.0 aA-573392 c00.00 aA-573392 bCen Lib/Ret aDPLbEN a270.61bMAU aMaududi, Syed Abdul A'la989787 aWest versus islam /cby Syed Abul A'la Maududi ; translated by S.Waqar Ahmad Gardezi [and] Abdul Waheed Khan  aDelhibInternational Islamic Publishers c1991 aK-20 D, Saket bNew Delhie110017 a317p.c21cm(Hb) aIslam -- 20th century. 989788 aCivilization, Western -- 20th century.989789 aGardezi, S.Waqar Ahmad912814 aKhan, Abdul Waheed912815 2ddccENh270.61mMAU c125046d125046 00104070aLbLd2015-06-19eCen Lib/Retg0.00l0o270.61 MAUpA-573392r2015-06-19 00:00:00t1v0.00w2016-09-15yEN